Optimal taxation in a spatial economy with transport costs (Registro nro. 25741)

Detalles MARC
000 -LEADER
fixed length control field 00353 a2200109 4500
001 - CONTROL NUMBER
control field ART_11690
005 - DATE AND TIME OF LATEST TRANSACTION
control field 20260410161859.0
008 - FIXED-LENGTH DATA ELEMENTS--GENERAL INFORMATION
fixed length control field 260409a
100 1# - MAIN ENTRY--PERSONAL NAME
Personal name Arnott, Richard J.
245 10 - TITLE STATEMENT
Title Optimal taxation in a spatial economy with transport costs
773 0# - HOST ITEM ENTRY
Title Journal of public economics
Related parts - Vol. 11, Nº 3 (jun. 1979)
Record control number REV11485

No hay ítems disponibles.